BSOP header

Aspects of rabbinic theology / (Record no. 27063)

MARC details
000 -LEADER
fixed length control field 00944nam a2200217 4500
008 - FIXED-LENGTH DATA ELEMENTS--GENERAL INFORMATION
fixed length control field 060713r1993 vtu b 001 0 eng
020 ## - INTERNATIONAL STANDARD BOOK NUMBER
International Standard Book Number 1879045249 :USD9.11
090 ## - LOCALLY ASSIGNED LC-TYPE CALL NUMBER (OCLC); LOCAL CALL NUMBER (OCLC)
Classification number (OCLC) (R) ; Classification number, CALL (RLIN) (NR) BM504.3
Local cutter number (OCLC) ; Book number/undivided call number, CALL (RLIN) Sch2a
100 1# - MAIN ENTRY--PERSONAL NAME
Personal name Schechter, S.
Fuller form of name (Solomon),
Dates associated with a name 1847-1915.
245 10 - TITLE STATEMENT
Title Aspects of rabbinic theology /
Statement of responsibility, etc Solomon Schechter ; including the original preface of
260 ## - PUBLICATION, DISTRIBUTION, ETC. (IMPRINT)
Place of publication, distribution, etc Woodstock, Vt. :
Name of publisher, distributor, etc Jewish Lights Pub.,
Date of publication, distribution, etc c1993.
300 ## - PHYSICAL DESCRIPTION
Extent xl, 384 p. ;
Dimensions 23 cm.
490 1# - SERIES STATEMENT
Series statement A Jewish Lights classic reprint
590 9# - LOCAL NOTE (RLIN)
Local note the introduction by Loius [sic] Finkelstein ; new introduction by Neil Gillman.
500 ## - GENERAL NOTE
General note Reprint. Previously published: New York : Schocken Books, 1961. With new introd.
504 ## - BIBLIOGRAPHY, ETC. NOTE
Bibliography, etc Includes bibliographical references and index.
630 04 - SUBJECT ADDED ENTRY--UNIFORM TITLE
Uniform title Talmud
General subdivision Theology.
650 #4 - SUBJECT ADDED ENTRY--TOPICAL TERM
Topical term or geographic name as entry element Judaism
General subdivision Doctrines.
650 #4 - SUBJECT ADDED ENTRY--TOPICAL TERM
Topical term or geographic name as entry element Judaism
General subdivision History
Chronological subdivision Talmudic period, 10-425.
951 ## - EQUIVALENCE OR CROSS-REFERENCE-GEOGRAPHIC NAME/AREA NAME [OBSOLETE] [CAN/MARC only]
General subdivision 00033179
951 ## - EQUIVALENCE OR CROSS-REFERENCE-GEOGRAPHIC NAME/AREA NAME [OBSOLETE] [CAN/MARC only]
-- 29652
-- BM504.3/Sch2a
-- 070613111601500
-- 2000-12-21
-- GC
Holdings
Withdrawn status Lost status Damaged status Not for loan Home library Current library Shelving location Date acquired Accession number Shelving control number Total Checkouts Full call number Barcode Date last seen Price effective from Koha item type
        BSOP Library BSOP Library GC 12/21/2000 29652 127   BM504.3/Sch2a 00033179 02/23/2013 02/23/2013 Books
BSOP

Biblical Seminary of the Philippines
  All rights Reserved
  © 2024

CONTACT INFORMATION

Biblical Seminary of the Philippines,
  77-B Karuhatan Road, Valenzuela City,
  PHILIPPINES 1441
  Phone: +632 8292-6795 / 8292-6798
  Fax : +632 8292-6675
  Email: library@bsop.edu.ph